| 000 | 00476nam a2200145 i 4500 | ||
|---|---|---|---|
| 001 | 41329 | ||
| 003 | ES-MaACL | ||
| 005 | 20230906160419.0 | ||
| 007 | t| | ||
| 008 | 030310s1959 sp ||||1| spa d | ||
| 245 | 0 | 0 |
_aCasa de Colón _b: exposición, obras de arte adquiridas para su museo por el Excmo. Cabildo insular de Gran Canaria : Día de la Hispanidad. |
| 260 |
_a[S.l. : _bs.n., _c1959] |
||
| 300 |
_a17 p. : _bil. ; _c19 cm. |
||
| 852 |
_aES-MaACL _j2018-F-23 _bR.44812 |
||
| 999 |
_c41329 _d41329 |
||